000 00276nam a22001337a 4500
008 181122b xxu||||| |||| 00| 0 eng d
020 _a9780134360188
041 _aeng
080 _a821
100 _a21
101 _aGJL
245 _aLiterature
_cSilver
942 _2udc
_cBK
999 _c52383
_d52383